Journal of Applied Mathematics and Mechanics

Gespeichert in:
Bibliographische Detailangaben
Format: Schriftenreihe
Sprache:Slowakisch
Veröffentlicht: Elmsford Pergamon Press
Tags: Tag hinzufügen
Keine Tags, Fügen Sie das erste Tag hinzu!

MARC

LEADER 00000nas1a2200000$$$4500
001 0009086
005 20250730114818.9
022 |a 0021-8928 
022 |a 1873-4855 
041 0 |a slo 
044 |a SK 
245 1 0 |a Journal of Applied Mathematics and Mechanics 
264 1 |a Elmsford  |b Pergamon Press